Ccoconut research and development: proceedings of the international symposium on coconut research and development, held at central plantation crops research (Record no. 354998)
[ view plain ]
| 000 -LEADER | |
|---|---|
| fixed length control field | 005210000a22001570004500 |
| 020 ## - INTERNATIONAL STANDARD BOOK NUMBER | |
| International Standard Book Number | 0 85226 607 3 |
| 060 ## - NATIONAL LIBRARY OF MEDICINE CALL NUMBER | |
| Classification number | 100 |
| 082 ## - DEWEY DECIMAL CLASSIFICATION NUMBER | |
| Classification number | 633.580 72 COC |
| 100 ## - MAIN ENTRY--PERSONAL NAME | |
| Personal name | Nayar, N M |
| 245 ## - TITLE STATEMENT | |
| Title | Ccoconut research and development: proceedings of the international symposium on coconut research and development, held at central plantation crops research |
| 260 ## - PUBLICATION, DISTRIBUTION, ETC. (IMPRINT) | |
| Place of publication, distribution, etc. | Newdelhi, Wiley Eastern private Limited |
| 260 ## - PUBLICATION, DISTRIBUTION, ETC. (IMPRINT) | |
| Date of publication, distribution, etc. | 1983 |
| 300 ## - PHYSICAL DESCRIPTION | |
| Extent | 518 |
| 650 ## - SUBJECT ADDED ENTRY--TOPICAL TERM | |
| Topical term or geographic name as entry element | Coconut research-development/genetics-breeding |
| 942 ## - ADDED ENTRY ELEMENTS (KOHA) | |
| Koha item type | Books (General) |
| Withdrawn status | Lost status | Damaged status | Not for loan | Home library | Current library | Date acquired | Total Checkouts | Full call number | Barcode | Date last seen | Price effective from | Koha item type |
|---|---|---|---|---|---|---|---|---|---|---|---|---|
| Written off | College of Agriculture, Vellayani | College of Agriculture, Vellayani | 02/05/2014 | 633.580 72 COC | KAU_COAV-24627 | 02/05/2014 | 12/05/2022 | Books (General) |
